[Event "Lovsprings op 08th E"]
[Site "Ringsted"]
[Date "1996.03.22"]
[Round "3"]
[White "Nikolajsen, Martin"]
[Black "Andersen, Poul Erik"]
[Result "1-0"]
[WhiteElo "1123"]
[BlackElo "1093"]
[PlyCount "107"]
[EventDate "1996.03.08"]
[EventType "swiss"]
[EventRounds "7"]
[EventCountry "DEN"]
[SourceTitle "EXT 2023"]
[Source "ChessBase"]
[SourceDate "2022.10.05"]
[SourceVersion "1"]
[SourceVersionDate "2022.10.05"]
[SourceQuality "1"]

1. e4 e5 2. Nf3 Nc6 3. Bb5 Nf6 4. d3 Bc5 5. Bg5 h6 6. Bh4 d5 7. Nc3 d4 8. Nd5 Be7 9. Nxe7 Qxe7 10. Qd2 Bd7 11. Bxc6 Bxc6 12. Qa5 b6 13. Qxe5 Qxe5 14. Nxe5 Bb7 15. Bxf6 gxf6 16. Nf3 c5 17. Kd2 0-0 18. Rhg1 Rad8 19. b3 b5 20. Rab1 a6 21. g4 Kh7 22. h4 Rd6 23. a4 b4 24. Rbe1 Re6 25. Rg2 Rg8 26. Reg1 Re7 27. g5 f5 28. Re1 fxe4 29. dxe4 Bxe4 30. Rg3 Rge8 31. gxh6 Kxh6 32. Ng5 Kh5 33. Nxe4 Rxe4 34. Rxe4 Rxe4 35. Rg5+ Kxh4 36. Rxc5 Kg4 37. Rc6 f5 38. Rxa6 Kf3 39. Rf6 f4 40. a5 Re8 41. a6 Rd8 42. Kd3 Rd7 43. Kc4 Rc7+ 44. Kxd4 Rd7+ 45. Kc4 Rc7+ 46. Kxb4 Rxc2 47. a7 Ra2 48. Rf7 Ke4 49. Kb5 Ke5 50. b4 Ke6 51. Rh7 f3 52. Rh6+ Kd7 53. Ra6 Rxf2 54. a8Q 1-0